| 000 | 01386nam a22003977a 4500 | ||
|---|---|---|---|
| 003 | CHAP | ||
| 005 | 20220817044253.0 | ||
| 008 | 090520s2004 mx r 00010 spa d | ||
| 010 | _a96254 | ||
| 011 | _a97226 | ||
| 020 | _a8487682502 | ||
| 035 | _a107889 | ||
| 040 | _cCHAP | ||
| 082 | 0 | 4 |
_a378.001 _bF88y |
| 100 | 1 |
_aFreitag, Michel _943154 |
|
| 245 | 1 | 3 |
_aEl naufragio de la universidad y otros ensayos de epistemología política _c/por Michel Freitag |
| 260 |
_aBarcelona : _bPomares, _c2004 |
||
| 300 | _a287 p. | ||
| 490 | 0 | _aEducación y conocimiento | |
| 534 |
_pTít. original : _tLe naufrage de l'Université et autres essais d'epistémologie politique |
||
| 590 |
_aBATCH-UPD _b10 _c20130110 _lUCH01 _h0539 |
||
| 590 |
_aBATCH-UPD _b10 _c20130410 _lUCH01 _h0220 |
||
| 590 |
_aBATCH-UPD _b10 _c20130914 _lUCH01 _h0934 |
||
| 590 |
_aCONVERSION _b10 _c20130109 _lUCH01 _h1353 |
||
| 650 | 1 | 4 |
_aCiencia _xFilosofía. _923124 |
| 650 | 1 | 4 |
_aCiencias sociales _xMetodología. _923230 |
| 650 | 1 | 4 |
_aConocimiento, Teoría del. _927232 |
| 650 | 1 | 4 | _aEducación superior. |
| 650 | 1 | 4 |
_aEducación _xFilosofía. _935446 |
| 650 | 1 | 4 |
_aReforma universitaria. _995604 |
| 650 | 1 | 4 |
_aUniversidades. _9116595 |
| 830 | 0 |
_aEducación y conocimiento _935687 |
|
| 901 | _aBK | ||
| 942 | _cLIBRO | ||
| 949 |
_a378.001 F88y _bBC _cLIBRO _d33724002094347 _eLIBRO _gI.c/e _h110525 _i107889 _sb _t$360.00 |
||
| 999 |
_c96254 _d96254 |
||